|
|
|
|
| LEADER |
00000nas a2200000 a 4500 |
| 001 |
ssj0012234 |
| 003 |
WaSeSS |
| 005 |
20200512172242.0 |
| 006 |
m d |
| 007 |
cr n |
| 008 |
880524d19892000dcumn pss 0 0eng c |
| 010 |
|
|
|a 2009263174
|
| 022 |
|
|
|y 0899-1154
|
| 035 |
|
|
|a (WaSeSS)ssj0012234
|
| 037 |
|
|
|b Emerge Communications, Inc., 1700 N. Moore St., Suite 2200, Rosslyn, VA 22209-1903
|
| 040 |
|
|
|a AZU
|b eng
|c AZU
|d OCLCQ
|d TXJ
|d TXA
|d OCLCQ
|d COO
|d OCLCO
|d OCLCF
|d OCLCO
|d OCLCQ
|d OCLCO
|d WaSeSS
|
| 042 |
|
|
|a pcc
|
| 043 |
|
|
|a n-us---
|a f------
|
| 050 |
1 |
4 |
|a E185.5
|b .E45
|
| 130 |
0 |
|
|a Emerge (New York, N.Y. : Online)
|
| 245 |
1 |
0 |
|a Emerge
|h [electronic resource].
|
| 260 |
|
|
|a New York, N.Y. :
|b Emerge Communications, Inc.,
|c 1989-2000.
|
| 310 |
|
|
|a Monthly (except combined issues Dec./Jan. and July/Aug.)
|
| 362 |
1 |
|
|a Print began with vol. 1, issue 1 (Oct. 1989); ceased with: vol. 11, no. 8 (June 2000).
|
| 500 |
|
|
|a Issues for <Nov. 1993-> published in Arlington, Va.; issues for <Oct. 1998-> published in Washington, D.C.
|
| 500 |
|
|
|a "Black America's newsmagazine."
|
| 506 |
|
|
|a License restrictions may limit access.
|
| 515 |
|
|
|a Issue for Oct. 1989 called also premiere issue.
|
| 588 |
|
|
|a Description based on: Vol. 1, issue 1 (Oct. 1989); title from issue table of contents (ProQuest, viewed Aug. 26, 2009).
|
| 588 |
|
|
|a Latest issue consulted: Vol. 11, no. 8 (June 2000) (viewed Aug. 26, 2009).
|
| 650 |
|
0 |
|a African Americans
|v Periodicals.
|
| 650 |
|
0 |
|a African Americans
|x Social life and customs
|v Periodicals.
|
| 650 |
|
0 |
|a African Americans
|x Politics and government
|v Periodicals.
|
| 650 |
|
7 |
|a African Americans.
|2 fast
|0 (OCoLC)fst00799558
|
| 650 |
|
7 |
|a African Americans
|x Politics and government.
|2 fast
|0 (OCoLC)fst00799659
|
| 650 |
|
7 |
|a African Americans
|x Social life and customs.
|2 fast
|0 (OCoLC)fst00799703
|
| 651 |
|
0 |
|a Africa
|v Periodicals.
|
| 651 |
|
7 |
|a Africa.
|2 fast
|0 (OCoLC)fst01239509
|
| 655 |
|
0 |
|a Electronic journals.
|
| 776 |
0 |
8 |
|i Print version:
|t Emerge (New York, N.Y.)
|x 0899-1154
|w (DLC) 90649349
|w (OCoLC)17994033
|
| 785 |
0 |
0 |
|t Savoy (New York, N.Y. : Online)
|w (DLC) 2009263173
|w (OCoLC)57556954
|
| 856 |
4 |
0 |
|z Full text available from Research Library: 01/01/1990 to 12/31/1990
|u https://search.proquest.com/publication/33060
|
| 856 |
4 |
0 |
|z Full text available from Research Library: 01/01/1993 to 06/30/2000
|u https://search.proquest.com/publication/33060
|